000 00663nam a2200229Ia 4500
005 20250508165432.0
008 008 250505s9999 xx 000 0 eng d
020 _a978-1-84769-846-9
037 _aTextBook
040 _aFEDL
_beng
_cFEDL
041 _aeng
_2eng
084 _a808.042, DON/R
_qFEDL
100 _aDonnelly Dianne Ed.
_9780839
245 0 _aKey issues in creative writing
260 _aBristol, UK
_bMultilingual Matters
_c2013
300 _axxvi, 182p.
365 _aGBP
_b24.95
490 _aNew Writing Viewpoints
700 _a Harper Graeme Ed.
_9780840
942 _cTB
_h808.042, DON/R
999 _c1395085
_d1395085